Normal view
MARC view
- fossils
Entry Topical Term
001 - CONTROL NUMBER
- control field: 100123
003 - CONTROL NUMBER IDENTIFIER
- control field: NUST
005 - DATE AND TIME OF LATEST TRANSACTION
- control field: 20221013122238.0
008 - FIXED-LENGTH DATA ELEMENTS
- fixed length control field: 221013|| aca||aabn | a|a d
040 ## - CATALOGING SOURCE
- Original cataloging agency: NUST
- Transcribing agency: NUST
150 ## - HEADING--TOPICAL TERM
- Topical term or geographic name entry element: fossils
670 ## - SOURCE DATA FOUND
- Source citation: Work cat.: (NUST)182891: Raymond C. Moore, 13744, Invertebrate FOSSILS /, 1952
